| 000 | 00853nam a2200241 a 4500 | ||
|---|---|---|---|
| 001 | 52702 | ||
| 003 | BD-RjUL | ||
| 005 | 20211209075840.0 | ||
| 008 | 160925s1969 bg ||||| |||| 00| 0 ben d | ||
| 020 | _c: Tk. 3.50 | ||
| 035 | _a(BD-RjUL)52822 | ||
| 040 |
_aBD-RjUL _bben _cBD-RjUL |
||
| 041 | _aben | ||
| 082 |
_223 _a796.09 _bJOK 1969 |
||
| 100 | 1 |
_aজব্বার, এম এ _9136016 |
|
| 245 | 1 | 0 |
_aখেলাধূলার ইতিকথা / _cএম এ জব্বার |
| 260 |
_aরাজশাহী _bবেগম লতিফা জব্বার, _c১৯৬৯ |
||
| 300 |
_a খণ্ড ; _c১২ সেমি. |
||
| 505 | _a খণ্ড ১ -- | ||
| 650 |
_aখেলাধূলা _vইতিহাস ও সমালোচনা _9157612 |
||
| 650 |
_aGames _vHistory and criticism _9157613 |
||
| 942 |
_2ddc _cBK |
||
| 999 |
_c52702 _d52702 |
||